000 02686nam a22002897a 4500
005 20240305165642.0
007 cr|||| ||||
008 220920s2022 es |||||s|||| 00||0 spa d
020 _a978-84-1122-345-4
035 _a37095
040 _avLex
090 _c13968
_d13968
100 1 _aOrtiz Herráiz, Julio
245 1 0 _aConnotaciones psicológicas de la simulación en el matrimonio canónico
_h[Recurso electrónico] /
_cJulio Ortiz Herráiz
256 _aServicio en línea
260 _aMadrid:
_bDykinson,
_c2022
300 _a1 recurso electrónico
500 _aPara la prueba de la simulación es necesario que la exclusión se realice por un acto positivo por el que se manifieste claramente la voluntad simulatoria del contrayente, por el que el acto salga a su existencia, por el que en definitiva la voluntad, previo el conocimiento del objeto, se determine positivamente a querer algo: es decir, no basta no querer el matrimonio, sus propiedades o elementos esenciales, sino que es preciso un querer excluirlos, como se suele decir en la jurisprudencia rotal, no se trata de un ‘non velle’ sino de un ‘velle non’. En definitiva, para que el matrimonio sea nulo se requiere no aceptar el matrimonio o la propiedad o el elemento esencial por un acto positivo de voluntad, necesariamente anterior o concomitante a la celebración del matrimonio, como ha declarado alguna reciente sentencia rotal en el año 2021. No obstante, la mayor dificultad en la práctica será discernir en el caso concreto si, una vez demostrada la existencia de un acto positivo de voluntad, hacía referencia a la exclusión del derecho mismo o simplemente de su ejercicio, para lo cual deberá el Tribunal discernir, a la vista de todas las circunstancias cuál fue la verdadera intención del contrayente. Es en este punto en el que ha quedado evidenciado que en ocasiones encontramos algunos casos en los que algún tipo de exclusión y la incapacidad para asumir las obligaciones esenciales del matrimonio pueden estar simultáneamente presentes en el acto de prestación del consentimiento matrimonial.
506 1 _aDisponible solo en los productos indicados
_dvLex Global
_dvLex Global (Academic Edition, excluding Law Schools)
_dvLex Global (U.S. Academic Edition, Law Schools)
_dvLex Global (U.S. Academic Edition, excluding Law Schools)
_dvLex Global (Academic Edition, Law Schools)
650 0 4 _aDerecho Civil
_zEspaña
650 0 4 _aFamilia y Sucesiones
_zEspaña
650 0 4 _aDerecho Militar
_zEspaña
650 0 4 _aFilosofía y religión
_zEspaña
740 0 _avLex Libros (Servicio en línea)
856 4 0 _uhttps://app.vlex.com/#/sources/37095
942 _cRAA
999 _c172204
_d172204